[Event "Challenge"]
[Site "http://www.queenalice.com/game.php?id=1000988"]
[Date "2011.10.24"]
[Round "-"]
[White "JohnJJ57"]
[Black "Belle1996"]
[Result "0-1"]
[WhiteElo "1130"]
[BlackElo "1032"]

1. e4 e5 2. Qh5 Nf6 3. Qxe5+ Be7 4. Qa5 b6 5. Qb5 O-O 6. Qe5 Ne8 7. Bb5 Bb4 8.
Nc3 Bb7 9. Qh5 g6 10. Qxh7+ Kxh7 11. Nge2 c5 12. Na4 Nc7 13. Nac3 d6 14. a3 Qg5
15. Nd5 Re8 16. Nxc7 Bxe4 17. Nxa8 Rg8 18. Rg1 f5 19. axb4 Nd7 20. Bxd7 cxb4 21.
Be6 Rxa8 22. d3 Bc6 23. Ng3 Re8 0-1

[Event "Challenge"]
[Site "http://www.queenalice.com/game.php?id=1093311"]
[Date "2012.8.15"]
[Round "-"]
[White "Belle1996"]
[Black "JohnJJ57"]
[Result "1/2-1/2"]
[WhiteElo "1138"]
[BlackElo "1109"]

1. e4 b5 2. Nf3 c6 3. d3 Qc7 4. Be2 Qb6 5. O-O Qa5 6. d4 Nf6 7. Be3 Qb4 8. c3
Qxb2 9. Bd3 Qxa1 10. Qd2 Ng4 11. h3 Nf6 12. e5 Nh5 13. g4 d5 14. gxh5 Bxh3 15.
Re1 Bg4 16. Ng5 Bxh5 17. Bf4 Bg4 18. Na3 Qxe1+ 19. Qxe1 Bh5 20. Nh3 Bf3 21. Qe3
Bh5 22. Qg3 a6 23. Nc2 e6 24. Ne3 g6 25. Ng5 Ra7 26. Ng2 Bh6 27. Nh3 Bf8 28. a3
Nd7 29. Bg5 Be7 30. f4 h6 31. Ne3 hxg5 32. fxg5 Nf8 33. Bc2 Bxa3 34. Nf4 Re7 35.
Nxh5 Rxh5 36. Kf2 f5 37. Bd3 Bb2 38. Qg1 Bxc3 39. Nc2 Rh3 40. Qg2 Rxd3 41. Qf1
Rd2+ 42. Kg1 Rxc2 43. Qh3 Bxd4+ 44. Kf1 Nh7 45. Qh6 Be3 46. Qxg6+ Kd7 47. Qg8
Rd2 48. g6 Kc7 49. gxh7 Rh2 50. h8=Q Rxh8 51. Qxh8 Kb6 52. Qb8+ Ka5 53. Qc8 Kb6
54. Qb8+ Kc5 55. Qa8 Bf4 56. Qxa6 Rc7 57. Qa3+ b4 58. Qf3 Bxe5 59. Qh3 Rf7 60.
Qg2 Bd4 61. Qg6 Re7 62. Qg2 e5 63. Qa2 Rb7 64. Qa5+ Kd6 65. Qa6 Rc7 66. Qa4 c5
67. Ke2 e4 68. Qa6+ Ke5 69. Qb6 Rg7 70. Qd6+ Kxd6 71. Kd2 e3+ 72. Kc2 b3+ 73.
Kxb3 Rb7+ 74. Ka4 Ra7+ 75. Kb3 Ba1 76. Kc2 e2 77. Kd2 Ra2+ 78. Ke3 e1=Q+ 79. Kf3
Be5 1/2-1/2

[Event "Challenge"]
[Site "http://www.queenalice.com/game.php?id=1127157"]
[Date "2012.11.30"]
[Round "-"]
[White "JohnJJ57"]
[Black "Belle1996"]
[Result "1-0"]
[WhiteElo "1111"]
[BlackElo "1120"]

1. e4 e5 2. Qg4 Nf6 3. Qh4 d6 4. Bb5+ c6 5. Bd3 Be7 6. Be2 O-O 7. b3 Nbd7 8. Qg5
c5 9. Na3 b6 10. c4 Bb7 11. d3 b5 12. Nxb5 a6 13. Nc3 h6 14. Qg3 Nh5 15. Qf3 g6
16. Bxh6 Re8 17. Nd5 Qa5+ 18. Bd2 Qa3 19. Nc7 Nb6 20. Nxe8 Bc6 21. Bc1 Qa5+ 22.
Bd2 Bxe8 23. Bxa5 Rb8 24. Qg3 Nxg3 25. fxg3 Bg5 26. Nf3 Bd7 27. Nxg5 f6 28. Nh3
g5 29. Ng1 f5 30. Nh3 g4 31. Nf2 Kf7 32. Rf1 Be6 33. h4 Nd7 34. Rb1 Nf6 35. Bc7
Rb7 36. Bxd6 a5 37. Bxe5 Nh5 38. Nh1 a4 39. Bd1 axb3 40. Bd6 Rb6 41. Bxc5 Rc6
42. Ba7 Rc7 43. Bb8 Rc5 44. axb3 Rc8 45. Be5 f4 46. Ra1 Rd8 47. Ra7+ Kf8 48. Bh8
Rxd3 49. Ra2 Re3+ 50. Kf2 Rxe4 51. Be2 f3 52. gxf3 Rd4 53. Bxd4 Nf4 54. gxf4 Bf5
55. Ng3 Bg6 56. fxg4 Kf7 57. Ra6 Bc2 58. Ra2 Bxb3 59. Rd2 Ke6 60. Ne4 Ba4 61.
Ra1 Bc6 62. Bf3 Bd7 63. Ra6+ Ke7 64. Rb2 Ke8 65. Nd6+ Ke7 66. Nf5+ Kf7 67. Nd6+
Ke7 68. Nf5+ Kf7 69. Ra5 Be6 70. Rb7+ Kg8 71. Ra8+ Bc8 72. Re7 Kf8 73. Rc7 Ke8
74. Ne7 Kf7 75. Bd5+ Ke8 76. Raxc8# 1-0

[Event "Challenge"]
[Site "http://www.queenalice.com/game.php?id=1144920"]
[Date "2013.1.25"]
[Round "-"]
[White "Belle1996"]
[Black "JohnJJ57"]
[Result "1/2-1/2"]
[WhiteElo "1133"]
[BlackElo "1157"]

1. Nf3 g6 2. g3 h6 3. Bg2 d5 4. e3 Qd6 5. d4 f6 6. O-O Qe6 7. h3 Bd7 8. Nbd2 Qa6
9. Re1 b5 10. b3 Bf5 11. Bb2 Qa5 12. c3 Bd3 13. a3 Nd7 14. h4 Rb8 15. b4 Qa6 16.
Nb3 Bf5 17. Nfd2 Bd3 18. f4 Qc6 19. Na5 Qb6 20. Qf3 Qe6 21. g4 Nb6 22. Bh3 Na4
23. Bc1 Nxc3 24. Rd1 Na4 25. Ndb3 Qb6 26. Qxd5 Rd8 27. Qf3 Bc2 28. d5 Bxb3 29.
Re1 Bc2 30. Ra2 Bd3 31. Nc6 Rc8 32. Rd1 Bb1 33. Rad2 Nc3 34. Re1 Rh7 35. g5 a6
36. Qg4 f5 37. Qf3 h5 38. Rd3 Bxd3 39. Kg2 Ra8 40. e4 fxe4 41. Qg3 Nxd5 42. Ne5
Bg7 43. Nxg6 Qxg6 44. Bd2 Bc4 45. f5 Qd6 46. g6 e3 47. Bxe3 Be5 48. Qf2 Bb2 49.
gxh7 Qg6+ 50. Kh2 Qxh7 51. Qxb2 Bd3 52. Rd1 Nxe3 53. Rxd3 Nxf5 54. Rf3 Qf7 55.
Bxf5 e6 56. Kg3 Nf6 57. Bd3 Qg7+ 58. Kf2 Ke7 59. Qd4 Ke8 60. Qxf6 Qxf6 61. Rxf6
Kd7 62. Rh6 Re8 63. Rxh5 Rf8+ 64. Kg3 Kc8 65. Bg6 Kb7 66. Re5 Rf6 67. Be4+ c6
68. Rh5 Rf3+ 69. Kxf3 Kc7 70. Rh7+ Kd6 71. Kg4 Ke5 72. Bxc6 Kd6 73. Bb7 Ke5 74.
Bxa6 Ke4 75. Bxb5 Ke5 76. h5 Kf6 77. Rc7 e5 78. h6 e4 79. h7 Ke6 80. h8=Q e3 81.
Qh6+ Kd5 82. Qxe3 Kd6 83. Ra7 Kd5 84. Be8 Kc4 85. Kf4 Kd5 86. Rf7 Kc4 87. Re7
Kd5 88. Kf5 Kd6 89. Rh7 Kd5 90. Bg6 Kc4 91. Ke5 Kb5 92. Re7 Kc6 93. Qe4+ Kb5 94.
Qd4 Kc6 95. Qc4+ Kb6 96. Qc8 Kb5 97. Kd5 Ka4 98. Qc6+ Kxa3 99. Re2 Kxb4 100. Rc2
Kb3 101. Qc5 Ka4 102. Kc4 1/2-1/2

[Event "Challenge"]
[Site "http://www.queenalice.com/game.php?id=1151753"]
[Date "2013.2.14"]
[Round "-"]
[White "tylsar16"]
[Black "JohnJJ57"]
[Result "0-1"]
[WhiteElo "1589"]
[BlackElo "1127"]

1. e4 b6 2. Qh5 g6 3. Qe5 Nf6 4. g4 Nc6 5. Qf4 h5 6. gxh5 Rxh5 7. Nf3 d6 8. d4
Nb4 9. Bd3 e5 10. dxe5 Nxd3+ 11. cxd3 Ba6 12. exf6 Rc5 13. O-O Rh5 14. Qd2 Rh3
15. Kg2 Bh6 16. Qc2 Qxf6 17. Qc6+ Ke7 18. Kxh3 Rh8 19. Qxc7+ Ke6 20. Qxa7 Qxf3+
21. Kh4 Ke5 22. Qxa6 Kf6 23. Qxb6 Bg5# 0-1

[Event "Challenge"]
[Site "http://www.queenalice.com/game.php?id=1163779"]
[Date "2013.3.22"]
[Round "-"]
[White "Belle1996"]
[Black "JohnJJ57"]
[Result "1-0"]
[WhiteElo "1198"]
[BlackElo "1156"]

1. e4 Nc6 2. Nc3 e6 3. b3 Qg5 4. Nf3 Qe5 5. Bb2 Qf4 6. g3 Qh6 7. d4 Bb4 8. Be2
Qh3 9. a3 Ba5 10. b4 Qg2 11. Nh4 Qxh1+ 12. Kd2 Qxh2 13. Nf3 Qxf2 14. e5 Qxg3 15.
Na4 d6 16. Bc3 b5 17. bxa5 Qf4+ 18. Kd3 Nge7 19. exd6 Qxd6 20. Nc5 Qf4 21. Bf1
Qg3 22. Ne4 Qf2 23. Bh3 Bb7 24. Bg4 Qxd4+ 25. Nxd4 Nxd4 26. Bxd4 Nc6 27. Ke2 h6
28. Bxg7 Nd4+ 29. Qxd4 Rd8 30. Qxa7 f5 31. Bh5+ Kd7 32. Bf6 f4 33. Qxb7 f3+ 34.
Kxf3 Rhg8 35. Qxb5+ Kc8 36. Bf7 Rdf8 37. Bxe6# 1-0

[Event "Challenge"]
[Site "http://www.queenalice.com/game.php?id=1170142"]
[Date "2013.4.10"]
[Round "-"]
[White "Belle1996"]
[Black "JohnJJ57"]
[Result "0-1"]
[WhiteElo "1208"]
[BlackElo "1142"]

1. e4 e5 2. Nf3 Nf6 3. Be2 Bd6 4. a3 Na6 5. d3 c5 6. O-O Qa5 7. c3 b5 8. Qc2 Rb8
9. h3 Bb7 10. Be3 Bc6 11. Nbd2 h5 12. Bg5 Nxe4 13. Nh4 Nxg5 14. Bf3 Rh6 15. Nf5
Rf6 16. Nxg7+ Kf8 17. Nxh5 Rxf3 18. gxf3 b4 19. cxb4 cxb4 20. h4 Nh3+ 21. Kg2
Nf4+ 22. Nxf4 exf4 23. Rh1 Qh5 24. Nf1 Be5 25. Re1 Qg4+ 26. Kh2 Qxh4+ 27. Kg1
Qg5+ 28. Kh2 Re8 29. Rg1 Qh4+ 30. Kg2 Bxf3+ 31. Kxf3 Qh3+ 32. Ke4 f5+ 33. Kd5
Qf3+ 34. Kc4 Rc8+ 35. Kb3 Rxc2 36. Kxc2 Qxf2+ 37. Nd2 b3+ 38. Kxb3 d6 39. Nc4 f3
40. Rd1 Nc5+ 41. Kb4 Na6+ 42. Kb3 f4 43. Rg6 Kf7 44. Rh6 Bg7 45. Rh7 Kg6 46.
Rhh1 Kf5 47. Rh5+ Kg6 48. Rd5 Qe2 49. Rg1+ Kf6 50. Na5 f2 51. Rxd6+ Ke5 52. Rxa6
fxg1=Q 53. Nc4+ Kd4 54. Rd6+ Kc5 55. Ra6 Qxd3+ 56. Ka4 Qxc4+ 57. Ka5 Kd5 58.
Rxa7 Qxa7# 0-1

[Event "Challenge"]
[Site "http://www.queenalice.com/game.php?id=1180093"]
[Date "2013.5.9"]
[Round "-"]
[White "JohnJJ57"]
[Black "Belle1996"]
[Result "0-1"]
[WhiteElo "1161"]
[BlackElo "1196"]

1. Nf3 Nf6 2. d4 d5 3. Qd3 h6 4. Qb5+ Nc6 5. Bd2 Bd7 6. Qxb7 e6 7. Bf4 Be7 8.
Bxc7 O-O 9. Bxd8 Rfxd8 10. Ne5 Nxe5 11. dxe5 Nh5 12. Qb3 Bg5 13. e3 Bc6 14. Qb4
a6 15. g4 g6 16. Qe7 Bxe7 17. Rg1 Rdb8 18. a4 Ng7 19. Rg3 g5 20. b3 Ne8 21. Nc3
Nc7 22. Rh3 Bb4 23. Kd2 d4 24. exd4 Kg7 25. Bd3 a5 26. f3 Rd8 27. Ra2 Bxf3 28.
Rxf3 Na6 29. Be4 Rac8 30. Rd3 Nc5 31. Rh3 Nxe4+ 32. Ke3 Bxc3 33. Kxe4 f5+ 34.
Ke3 f4+ 35. Kf3 Rxd4 36. Kf2 Rcd8 37. Rxc3 Rd2+ 38. Ke1 Rxh2 39. Rc7+ Kf8 40.
Ra1 f3 41. c4 Rh1+ 42. Kf2 Rxa1 43. Kxf3 Ra3 44. Rh7 Rxb3+ 45. Ke2 Rb2+ 46. Ke3
Ke8 47. Rh8+ Kd7 48. Rh7+ Kc8 49. Rxh6 Rb4 50. Rxe6 Rxa4 51. Rc6+ Kb8 52. c5
Rxg4 53. Rb6+ Kc8 54. Rc6+ Kb8 55. Rb6+ Kc8 56. Kf3 Rc4 57. c6 a4 58. e6 a3 59.
e7 Rc3+ 60. Kg4 Rd4+ 61. Kxg5 Re4 62. Rb8+ Kxb8 63. e8=Q+ Rxe8 64. Kf6 a2 65.
Kf7 Ree3 66. c7+ Kxc7 67. Kf6 a1=Q 68. Kf7 Qa6 69. Kf8 Qd6+ 70. Kf7 Rf3+ 71. Kg7
Kb6 72. Kh7 Rc7+ 73. Kh8 Rf8# 0-1

[Event "Challenge"]
[Site "http://www.queenalice.com/game.php?id=1196005"]
[Date "2013.7.1"]
[Round "-"]
[White "Belle1996"]
[Black "JohnJJ57"]
[Result "0-1"]
[WhiteElo "1251"]
[BlackElo "1146"]

1. e4 d6 2. d4 Qd7 3. h3 Qa4 4. b3 Qb4+ 5. Nd2 Qxd4 6. Rb1 Qc3 7. Ne2 Qa5 8. a4
Bd7 9. Ng3 Qb4 10. Be2 Qc3 11. O-O Qe5 12. Bb2 Qg5 13. Nf3 Qa5 14. Qd2 Qxd2 15.
Nxd2 Nc6 16. Bh5 g6 17. Bf3 Bh6 18. Rfd1 f6 19. c3 Be6 20. c4 a5 21. h4 Ra6 22.
Rbc1 Rb6 23. Rc3 Nd4 24. Nh1 Rb4 25. g4 Bf4 26. Ba3 Rb6 27. Bc1 Be5 28. Nf1 Rb4
29. Ba3 Nxf3+ 30. Rxf3 Rb6 31. Nh2 h5 32. gxh5 Rxh5 33. Rfd3 Rxh4 34. Nf3 Rg4+
35. Kf1 Rxe4 36. Nd2 Rh4 37. Ke2 Bg4+ 38. f3 Bf5 39. Nf2 c5 40. Bc1 Bf4 41. Bb2
Rb4 42. Nb1 Rh2 43. Ba3 Rb6 44. Nd2 Rh4 45. Nb1 Nh6 46. Ke1 Nf7 47. Nc3 Rxb3 48.
Bc1 Be5 49. Nb5 Rb4 50. Be3 Kd8 51. Kf1 Rbxc4 52. Rb3 Rh1+ 53. Nxh1 Rh4 54. Nf2
Rxa4 55. Rbd3 c4 56. R3d2 c3 57. Bb6+ Ke8 58. Nc7+ Kf8 59. Re2 c2 60. Ne6+ Kg8
61. Rde1 Ng5 62. Be3 Nxf3 63. Rc1 Nh2+ 64. Ke1 Bd3 65. Rd2 Nf3# 0-1

[Event "Challenge"]
[Site "http://www.queenalice.com/game.php?id=1205789"]
[Date "2013.8.6"]
[Round "-"]
[White "Belle1996"]
[Black "JohnJJ57"]
[Result "0-1"]
[WhiteElo "1206"]
[BlackElo "1166"]

1. e4 Nf6 2. Nc3 g6 3. h3 Bh6 4. Nf3 b6 5. d4 g5 6. Be2 a5 7. O-O c6 8. Nh2 Qc7
9. f3 Qg3 10. Kh1 Qd6 11. Be3 Nh5 12. e5 Ng3+ 13. Kg1 Qb4 14. Re1 Qxb2 15. Na4
Qb4 16. Bf2 Nf5 17. Nf1 Qxa4 18. Bd3 Nd6 19. Ne3 e6 20. Ng4 Bg7 21. Qd2 Qa3 22.
exd6 Qxd6 23. Be3 Qa3 24. Bxg5 f6 25. Bxf6 Kf7 26. Bxg7 Kxg7 27. c4 Qd6 28. Qg5+
Kf7 29. Nh6+ Ke8 30. Bg6+ Kf8 31. Rad1 Qg3 32. Qxg3 Kg7 33. Bd3+ Kxh6 34. a4 d6
35. Qf4+ Kh5 36. Qxd6 Kh4 37. Re4+ Kg5 38. Rde1 Kf5 39. Rf4+ Kg5 40. g3 Rd8 41.
Rf7 Rxd6 42. Rxh7 e5 43. Rxe5+ Kf6 44. Re8 Bxh3 45. Rf8+ Ke6 46. Rxh3 Rxd4 47.
Rh6+ Ke5 48. Be2 Rd2 49. Rh5+ Kd4 50. Kf2 Ra7 51. Rf4+ Kc3 52. g4 Re7 53. Rf8
Rdxe2+ 54. Kg3 R7e4 55. Rxb8 Rxc4 56. g5 Rxa4 57. Rc8 Rc4 58. g6 a4 59. g7 a3
60. g8=Q a2 61. Rh1 b5 62. Rc1+ Kb2 63. Rd1 Kc2 64. Rd6 a1=Q 65. Qh8 Qg1+ 66.
Kh3 b4 67. Qh7+ Kb3 68. Ra8 Qc5 69. Rd1 Qe3 70. Rb1+ Kc3 71. Qb7 Qxf3# 0-1

[Event "Challenge"]
[Site "http://www.queenalice.com/game.php?id=1219338"]
[Date "2013.9.23"]
[Round "-"]
[White "Belle1996"]
[Black "JohnJJ57"]
[Result "1-0"]
[WhiteElo "1180"]
[BlackElo "1184"]

1. e4 e5 2. Nc3 Ne7 3. Be2 Ng6 4. d3 Bb4 5. Nf3 Bc5 6. O-O Nf4 7. g3 Nh3+ 8. Kg2
Nf4+ 9. gxf4 Qe7 10. fxe5 Qe6 11. Bf4 Qg6+ 12. Kh1 d6 13. Nd5 Bh3 14. Rg1 Bg2+
15. Rxg2 Bxf2 16. Rxf2 Qg4 17. Qf1 Nd7 18. Nxc7+ Kd8 19. Nd5 h6 20. Nd4 Qh4 21.
Rc1 g5 22. Be3 Rg8 23. exd6 g4 24. Kg1 g3 25. Rxf7 gxh2+ 26. Kh1 Qg3 27. Bxh6
Ke8 28. Rh7 Qe3 29. Nf5 Qd2 30. Bg4 Rc8 31. c4 Qxb2 32. a4 Qa2 33. Bh5+ Kd8 34.
Bg5+ Rxg5 35. Rh8+ Rg8 36. Rh7 Qxa4 37. c5 b5 38. Kxh2 Qa2+ 39. Be2 Qb2 40. Rd1
Qe5+ 41. Kh3 Nf8 42. Rxa7 Nh7 43. Rxh7 Qf6 44. Qf4 Qf8 45. Rb1 Rxc5 46. Nb6 Qf6
47. Rb3 Rc2 48. Bh5 Rg1 49. Qh2 Qg5 50. d7 Rxh2+ 51. Kxh2 Qf4+ 52. Kxg1 Qd2 53.
Rh8+ Kc7 54. d8=Q+ Kb7 55. Rxb5 Qf2+ 56. Kxf2 Ka6 57. Rb4 Ka5 58. Rb2 Ka6 59.
Rh7 Ka5 60. Ra7# 1-0

[Event "Challenge"]
[Site "http://www.queenalice.com/game.php?id=1227665"]
[Date "2013.10.27"]
[Round "-"]
[White "Belle1996"]
[Black "JohnJJ57"]
[Result "1-0"]
[WhiteElo "1188"]
[BlackElo "1168"]

1. e4 Nf6 2. Nc3 c6 3. d3 Qc7 4. Nf3 Qa5 5. Be2 Qc5 6. O-O b6 7. Bd2 Ba6 8. Bf4
d6 9. Na4 Qb4 10. b3 Qc3 11. Nxc3 Nh5 12. Be3 f6 13. h3 Nd7 14. Nh4 Rb8 15. Bg4
g6 16. Bxh5 Bxd3 17. cxd3 b5 18. Bxa7 Ra8 19. Bd4 Bh6 20. Bg4 Rf8 21. Be6 Bf4
22. a3 Ne5 23. g3 Bg5 24. g4 Bxh4 25. Qe2 g5 26. Bxe5 dxe5 27. b4 Rb8 28. Qa2
Rd8 29. f3 Rxd3 30. Ne2 Rd6 31. Bc8 Kd8 32. Bb7 Kc7 33. Ba6 Rd3 34. Rac1 Kd8 35.
Rc5 Rd6 36. Rfc1 Kc7 37. a4 Kd8 38. Nc3 Bg3 39. axb5 Kc7 40. Na4 Kd8 41. bxc6
Kc7 42. Nb6 Rb8 43. Qa5 Rd2 44. Nd5+ Kd6 45. R5c4 e6 46. Nb6 Ke7 47. Qc5+ Kf7
48. Nd7 Rd8 49. Nb6 h6 50. c7 R8d3 51. c8=Q Rxf3 52. Q5c7+ Kg6 53. Qg8# 1-0

[Event "Challenge"]
[Site "http://www.queenalice.com/game.php?id=1236460"]
[Date "2013.11.29"]
[Round "-"]
[White "Belle1996"]
[Black "JohnJJ57"]
[Result "0-1"]
[WhiteElo "1203"]
[BlackElo "1153"]

1. e4 h5 2. Nc3 a5 3. d4 c6 4. Nf3 Qc7 5. Bd3 Qd6 6. O-O g6 7. h3 Bg7 8. Be3 Qb4
9. a3 Qxb2 10. Na4 Qb4 11. Nc5 Qc3 12. a4 d6 13. Nb3 b5 14. axb5 a4 15. Rb1 axb3
16. b6 Be6 17. b7 Ra7 18. Nh2 Rxb7 19. h4 b2 20. Rc1 Kd8 21. g3 Bh3 22. Re1
Qxe1+ 23. Qxe1 f5 24. Rd1 Nf6 25. c3 fxe4 26. Bxe4 Nxe4 27. Nf3 Nxc3 28. Qxc3
b1=Q 29. Rxb1 Rxb1+ 30. Kh2 Bf5 31. Nd2 Re1 32. Qb4 Kc7 33. Bg5 Re8 34. Nb3 Re2
35. Kg2 Be4+ 36. Kf1 Rb2 37. Bc1 Bd3+ 38. Kg2 Be4+ 39. Kh3 Bf5+ 40. Kh2 Rxf2+
41. Kg1 Re2 42. Qa5+ Kb7 43. Nd2 Re1+ 44. Kg2 Bxd4 45. Nb3 Be4+ 46. Kh3 Bf5+ 47.
Kg2 Re2+ 48. Kf3 Re3+ 49. Bxe3 Bb6 50. Qb4 Rf8 51. Bxb6 c5 52. Qa5 Bc2+ 53. Ke3
Rf5 54. Qb5 Re5+ 55. Kd2 Bf5 56. Bd8+ Ka7 57. Qa5+ Na6 58. Nc1 d5 59. Nb3 c4 60.
Nc5 c3+ 61. Kxc3 Re3+ 62. Kb2 Re2+ 63. Ka3 Re3+ 64. Kb2 Re2+ 65. Kc1 Bc8 66.
Bxe7 d4 67. Nxa6 d3 68. Bc5+ Ka8 69. Nc7+ Kb7 70. Nb5 d2+ 71. Kb1 d1=Q# 0-1

[Event "Challenge"]
[Site "http://www.queenalice.com/game.php?id=1243049"]
[Date "2013.12.26"]
[Round "-"]
[White "Bira"]
[Black "JohnJJ57"]
[Result "1-0"]
[WhiteElo "1139"]
[BlackElo "1186"]

1. e4 e5 2. Nf3 Qe7 3. d3 Qb4+ 4. c3 Qb5 5. c4 Qb4+ 6. Nbd2 Bd6 7. a3 Qa5 8. b4
Qb6 9. c5 Bxc5 10. bxc5 Qxc5 11. Nc4 b5 12. Ncxe5 Qc3+ 13. Bd2 Qc5 14. Bb4 Qb6
15. d4 d6 16. Nd3 a5 17. Bd2 Qc6 18. d5 Qc4 19. Ng5 g6 20. Qf3 f6 21. Rc1 Qb3
22. Ra1 Qa4 23. Nb2 Qd4 24. Bxb5+ Kd8 25. Qd3 Qxb2 26. Qb1 Qe5 27. Nf3 Qe7 28.
O-O g5 29. h3 c5 30. Qe1 Ra7 31. Qb1 Kc7 32. Bc6 h6 33. Qe1 Nxc6 34. dxc6 Kxc6
35. Bxa5 d5 36. exd5+ 1-0

[Event "Challenge"]
[Site "http://www.queenalice.com/game.php?id=1248822"]
[Date "2014.1.16"]
[Round "-"]
[White "Belle1996"]
[Black "JohnJJ57"]
[Result "1/2-1/2"]
[WhiteElo "1180"]
[BlackElo "1171"]

1. e4 Nf6 2. Nc3 c5 3. d3 Qa5 4. Bd2 Qb6 5. Nf3 g6 6. Be3 Ng4 7. Bf4 d6 8. h3
Nf6 9. Be2 Qxb2 10. Nd5 Qc3+ 11. Bd2 Qb2 12. O-O e6 13. Nf4 Bh6 14. Ba5 Bxf4 15.
Nh4 b6 16. Bd2 Be5 17. Bf3 Rg8 18. c4 g5 19. Bh5 gxh4 20. Bf3 a5 21. Qa4+ Bd7
22. Qd1 a4 23. Be3 Rg6 24. Re1 Ke7 25. Be2 Rg3 26. fxg3 hxg3 27. Rf1 h5 28. Bf3
h4 29. Bg5 Bd4+ 30. Kh1 Nc6 31. Bxh4 Rg8 32. Rg1 Nb4 33. Qe1 Nc2 34. Qf1 Ne3 35.
Qe1 Nc2 36. Qf1 Bc3 37. Bxg3 Nxa1 38. Bg4 Nc2 39. Qf4 Bd4 40. Rf1 Qxa2 41. h4 a3
42. h5 Qb3 43. Bh4 a2 44. h6 Qxd3 45. Bf3 Qxf1+ 46. Kh2 Ba4 47. Bxf6+ Kd7 48. g4
a1=Q 49. g5 Qf2+ 50. Kh3 Qff1+ 51. Kg4 Ne3+ 52. Kh4 Qh1+ 53. Bxh1 Qxh1+ 54. Kg3
Nxc4 55. Qg4 Be5+ 56. Kf2 Bd4+ 57. Ke2 Qh2+ 58. Kd3 Ne5+ 59. Bxe5 Bxe5 60. g6
Bb5+ 61. Ke3 Qxh6+ 62. Kf3 Bd3 63. Qg2 Rxg6 64. Qa2 Qh3+ 65. Kf2 Qh1 66. Qa7+
Kc6 67. Qxf7 Qh2+ 68. Ke3 Rg3+ 69. Qf3 Bd4+ 70. Kf4 Qh4+ 71. Qg4 Rxg4+ 72. Kf3
Rg1 73. e5 d5 1/2-1/2

[Event "Challenge"]
[Site "http://www.queenalice.com/game.php?id=1263068"]
[Date "2014.3.7"]
[Round "-"]
[White "JohnJJ57"]
[Black "Belle1996"]
[Result "1-0"]
[WhiteElo "1171"]
[BlackElo "1156"]

1. c4 e5 2. Qc2 d6 3. h4 c5 4. Qa4+ Bd7 5. Qb3 b6 6. g3 Nf6 7. Bg2 Bc6 8. Rh2
Be7 9. Qd3 O-O 10. Rh3 h6 11. Bf3 Nbd7 12. Bxc6 Qc7 13. Bf3 Rac8 14. Qf5 Rfd8
15. h5 a5 16. a4 Qc6 17. Bxc6 Rxc6 18. Qf3 Nb8 19. Na3 Rcc8 20. Qb3 Nc6 21. Qxb6
Nd4 22. Qxa5 Ne4 23. d3 Nb3 24. Be3 Nxa1 25. dxe4 Rb8 26. Qa7 Rxb2 27. Qxe7 Rdb8
28. Qxd6 R8b3 29. Qd8+ Kh7 30. Bc1 Rb1 31. Kf1 Rxc1+ 32. Kg2 Rxa3 33. Qd5 Rxa4
34. Qxe5 Raxc4 35. Qf5+ Kg8 36. g4 f6 37. Qe6+ Kh7 38. Rg3 Nc2 39. Qxc4 Ne1+ 40.
Kf1 Nc2+ 41. Kg2 f5 42. gxf5 Kh8 43. Rc3 Re1 44. Rxc2 g6 45. Qf7 g5 46. Qg6 Ra1
47. Qxh6+ Kg8 48. Qxg5+ Kf8 49. Rxc5 Ra8 50. Qh6+ Ke7 51. Rc7+ Kd8 52. Rb7 Rc8
53. Qh8# 1-0

[Event "Challenge"]
[Site "http://www.queenalice.com/game.php?id=1274408"]
[Date "2014.4.19"]
[Round "-"]
[White "JohnJJ57"]
[Black "Belle1996"]
[Result "1-0"]
[WhiteElo "1168"]
[BlackElo "1127"]

1. c4 e5 2. Qc2 d6 3. g3 Nc6 4. Qe4 Bd7 5. Nc3 Nf6 6. Qh4 Be7 7. Qg5 O-O 8. h4
h6 9. Qe3 a6 10. Bg2 Bf5 11. d3 Qd7 12. b3 Rfd8 13. a3 Qe6 14. f3 Nh5 15. g4 Nf6
16. a4 Na5 17. Rb1 b6 18. Bh3 Bg6 19. Ba3 Rab8 20. Qf2 Qd7 21. Rb2 c5 22. Rh2
Qc7 23. Rg2 h5 24. g5 Nd7 25. Nd5 Qc6 26. Nxe7+ Kf8 27. Nxc6 Nxc6 28. Rd2 Re8
29. Bxd7 Red8 30. Bxc6 Rbc8 31. Bb7 Rc7 32. Bxa6 Kg8 33. f4 f5 34. Qf3 Ra7 35.
Qd5+ Kh7 36. Bb5 Rc7 37. fxe5 f4 38. Rf2 Rf8 39. e4 dxe5 40. Qxe5 Rfc8 41. Ne2
Bf7 42. Qf5+ g6 43. Qf6 Bg8 44. Nxf4 Rf7 45. Qe6 Rxf4 46. Qxc8 Bf7 47. Bb2 Rg4
48. Rxf7# 1-0

[Event "Challenge"]
[Site "http://www.queenalice.com/game.php?id=1288367"]
[Date "2014.6.15"]
[Round "-"]
[White "JohnJJ57"]
[Black "Belle1996"]
[Result "1-0"]
[WhiteElo "1182"]
[BlackElo "1138"]

1. e3 e5 2. Qf3 d6 3. Qd5 Nf6 4. Qb5+ c6 5. Qc4 c5 6. Qa4+ Bd7 7. Qb3 Be7 8.
Qxb7 Nc6 9. Qb5 O-O 10. Nf3 h6 11. d3 Qc8 12. Bd2 a6 13. Qb3 Be6 14. Qa4 Na7 15.
h3 Nc6 16. c3 Qd7 17. Kd1 a5 18. Kc2 Nh5 19. g4 Bd5 20. e4 Be6 21. b3 Rac8 22.
Be3 Nf6 23. Rh2 Qb7 24. Be2 Rfd8 25. Na3 Nd7 26. Nc4 Nb6 27. Nxa5 Bf6 28. Qa3
Nxa5 29. Qxa5 Bd7 30. Rhh1 Re8 31. Rh2 Bg5 32. Bd2 Bxd2 33. Kxd2 Be6 34. Qb5 Bd7
35. Qa5 Be6 36. c4 Na8 37. Rg2 g6 38. Rb1 g5 39. Nh2 Qd7 40. Qa6 Rc7 41. Qa3 Qe7
42. f3 Nb6 43. Qa6 Nd7 44. Qa5 Nf6 45. Rf2 Rb7 46. Nf1 Nh7 47. Ne3 Nf6 48. Rg2
Nh7 49. Bf1 Qf6 50. Nf5 Bxf5 51. Qa6 Rbe7 52. Rc1 h5 53. exf5 Qg7 54. Re2 h4 55.
Qxd6 Ra7 56. Qc6 Rxa2+ 57. Ke3 Ra7 58. Qxe8+ Nf8 59. Qb8 Re7 60. Qd6 Re8 61. Ra1
Rb8 62. Ra3 Qh6 63. Qxb8 Qg7 64. Qb6 f6 65. Ra7 Qh6 66. Qxc5 Qh8 67. Qd5+ Ne6
68. Qxe6+ Kf8 69. Qc8# 1-0

[Event "Challenge"]
[Site "http://www.queenalice.com/game.php?id=1304903"]
[Date "2014.8.29"]
[Round "-"]
[White "JohnJJ57"]
[Black "Belle1996"]
[Result "1-0"]
[WhiteElo "1196"]
[BlackElo "1113"]

1. g3 e5 2. e4 d6 3. Qe2 Nc6 4. c3 Bd7 5. Qb5 Nf6 6. f3 a6 7. Qa4 Be7 8. Qb3 O-O
9. d3 h6 10. Be3 Be6 11. Qa4 Qd7 12. c4 Nh5 13. Kf2 Nf6 14. Qb3 Rab8 15. Qa4
Rfd8 16. h3 Ra8 17. Rh2 Nh7 18. Bd2 Bf6 19. Na3 Ng5 20. h4 Nh7 21. b4 Nd4 22.
Qa5 Nc6 23. Qa4 h5 24. Rg2 Nd4 25. Qa5 Qc6 26. Rh2 b6 27. b5 axb5 28. Qb4 Ra7
29. Nxb5 Qd7 30. Qb2 c6 31. a4 cxb5 32. f4 bxc4 33. f5 Bxf5 34. Qxb6 Re8 35. Rc1
Raa8 36. Rxc4 Bg4 37. Rc7 Qe6 38. Be3 Qa2+ 39. Ne2 Rxa4 40. Qxd6 Qa1 41. Nxd4
Bd1 42. Qd7 Rea8 43. Rc8+ Rxc8 44. Qxc8+ Nf8 45. Qf5 Ra2+ 46. Kg1 exd4 47. Rxa2
Qxa2 48. Bf2 Qa4 49. Kg2 Nd7 50. Qd5 Bb3 51. Qd6 Ba2 52. Qc7 Ne5 53. Qc8+ Kh7
54. Qf5+ Kg8 55. Qc8+ Kh7 56. Be2 Nc6 57. Bxh5 Qb5 58. g4 Bb1 59. g5 Be5 60.
Bxf7 Nb4 61. Qf5+ Kh8 62. g6 Nxd3 63. Qc8+ Qe8 64. Qxe8# 1-0

[Event "Challenge"]
[Site "http://www.queenalice.com/game.php?id=1321105"]
[Date "2014.11.8"]
[Round "-"]
[White "JohnJJ57"]
[Black "Belle1996"]
[Result "1-0"]
[WhiteElo "1209"]
[BlackElo "1096"]

1. b4 e5 2. b5 b6 3. g4 d6 4. Bg2 Bb7 5. Bxb7 Nd7 6. e4 Rb8 7. Bd5 Ngf6 8. Bc6
Be7 9. g5 O-O 10. gxf6 Bxf6 11. Qh5 Qe7 12. Bd5 Bg5 13. Nf3 Nf6 14. Qxg5 Rbe8
15. Bc6 Rd8 16. Ba3 a5 17. Qf5 h6 18. Rg1 a4 19. Nc3 Ra8 20. d3 Ra7 21. h3 Kh8
22. Rg2 Ng8 23. Nd5 Ra5 24. Bb4 Ra7 25. Ke2 Nf6 26. Nxe7 h5 27. Qg5 Rd8 28. Rd1
Nh7 29. Qxh5 a3 30. Qxf7 Nf6 31. Qg6 Ra4 32. Rb1 Rf8 33. Ng5 Ra6 34. h4 Rd8 35.
Nf7# 1-0

[Event "Challenge"]
[Site "http://www.queenalice.com/game.php?id=1327868"]
[Date "2014.12.13"]
[Round "-"]
[White "JohnJJ57"]
[Black "Belle1996"]
[Result "1-0"]
[WhiteElo "1220"]
[BlackElo "1081"]

1. b4 e5 2. e4 d6 3. Bb5+ c6 4. Ba4 Nd7 5. d3 a6 6. Qg4 Ngf6 7. Qf5 Be7 8. Be3
h6 9. Nd2 O-O 10. Ke2 Qc7 11. Nc4 Nb6 12. Qf3 Nxa4 13. Rb1 Bd7 14. Bd2 Rab8 15.
Rb3 Be6 16. Bc1 Nc5 17. Ra3 Ng4 18. Qg3 Bf6 19. h3 Bxc4 20. dxc4 Nxe4 21. Qxg4
Nc3+ 22. Rxc3 Rbd8 23. Be3 Rfe8 24. a4 b6 25. Nf3 Qe7 26. g3 e4 27. Nd2 Qe5 28.
Rb3 c5 29. c3 cxb4 30. Rc1 a5 31. f4 Re7 32. fxe5 Rxe5 33. Kf2 Rde8 34. cxb4
R8e7 35. Qc8+ Kh7 36. g4 Ra7 37. Rg1 Bh4+ 38. Rg3 Bf6 39. Qc6 g6 40. Qxd6 Re8
41. Qxf6 h5 42. Nxe4 Rxe4 43. Bxb6 Rb7 44. Bxa5 Rd7 45. Kf3 Re1 46. Kf2 Red1 47.
g5 R7d2+ 48. Kf3 Re1 49. Qxf7+ Kh8 50. Qxg6 h4 51. Rg4 Rf1+ 52. Ke4 Rh1 53.
Rxh4# 1-0

[Event "Challenge"]
[Site "http://www.queenalice.com/game.php?id=1340004"]
[Date "2015.2.7"]
[Round "-"]
[White "JohnJJ57"]
[Black "Belle1996"]
[Result "1-0"]
[WhiteElo "1230"]
[BlackElo "1067"]

1. d4 d5 2. e3 e6 3. Bb5+ Nd7 4. Qg4 Nf6 5. Qf3 Be7 6. Qg3 c6 7. Ba4 O-O 8. b4
Nb6 9. Bb3 Qc7 10. Qxc7 Bxb4+ 11. Ke2 h6 12. f3 Nh5 13. c3 Bxc3 14. Nxc3 Re8 15.
Qe5 Bd7 16. Qxh5 Red8 17. Ba3 a6 18. Bc5 Nc8 19. Bc2 a5 20. Na4 Re8 21. Rb1 Na7
22. Rxb7 Nc8 23. Rxd7 Rb8 24. Rd8 Rxd8 25. Nh3 Rd7 26. Qe5 Rb5 27. Kd3 Rb2 28.
Nxb2 Rb7 29. Rb1 Rb5 30. a4 Rxc5 31. dxc5 Na7 32. Ke2 Nc8 33. Qc7 Ne7 34. Qd8#
1-0